Sử dụng phần mềm nguồn mở trong giáo dục /
Đã lưu trong:
| Príomhúdar: | |
|---|---|
| Údair Eile: | , |
| Formáid: | Bài viết |
| Teanga: | Vietnamese |
| Clibeanna: |
Cuir Clib Leis
Gan Chlibeanna, Bí ar an gcéad duine leis an taifead seo a chlibeáil!
|
| Thư viện lưu trữ: | Thư viện Trường Đại học Đà Lạt |
|---|
| LEADER | 00876nam a2200253 4500 | ||
|---|---|---|---|
| 001 | DLU120143531 | ||
| 005 | ##20121106 | ||
| 040 | # | # | |a DLU |b vie |
| 041 | # | # | |a vie |
| 044 | # | # | |a vn |
| 100 | # | # | |a Hồ Tường Vinh. |
| 245 | # | # | |a Sử dụng phần mềm nguồn mở trong giáo dục / |c Hồ Tường Vinh, Nguyễn Hồng Quang, Trương Tùng Lâm. |
| 700 | # | # | |a Nguyễn Hồng Quang |
| 700 | # | # | |a Trương Tùng Lâm |
| 773 | # | # | |t Một số vấn đề chọn lọc của Công nghệ thông tin. Chủ đề: Mã nguồn mở (Open Source) Báo cáo toàn văn, |g 2006, tr. 675-681 |
| 920 | # | # | |a Phòng Tạp chí -- Trung tâm Thông tin - Thư viện Trường Đại học Đà Lạt |
| 994 | # | # | |a DLU |
| 900 | # | # | |a True |
| 911 | # | # | |a Nguyễn Thị Mai Anh |
| 925 | # | # | |a G |
| 926 | # | # | |a A |
| 927 | # | # | |a BB |
| 980 | # | # | |a Thư viện Trường Đại học Đà Lạt |